| 000 | 01592nam a2200457 i 4500 | ||
|---|---|---|---|
| 003 | AR-MoEEST | ||
| 005 | 20260514150928.0 | ||
| 008 | 260514s2005 |||||||dr||||f00| m spa d | ||
| 040 |
_aAR-MoEEST _bspa _cAR-MoEEST _erda |
||
| 041 | _aspa | ||
| 043 |
_aag _car-v |
||
| 080 |
_282-82 (82) LEE _a(2016) |
||
| 245 | 1 | 0 |
_aLeer la Argentina. _pparte 4. : _bRío Negro, Neuquén, Chubut, Santa Cruz, Tierra del Fuego / _ccompilado por Mempo Giardinelli y Graciela Bialet |
| 246 | 1 | 3 | _aPatagonia |
| 250 | _a1a edición | ||
| 264 |
_aBuenos Aires : _bEUDEBA ; _bMinisterio de Educación, _c2005 |
||
| 300 | _aparte 4, 125 páginas | ||
| 336 |
_aTexto _btxt _2rdacontent |
||
| 337 |
_aSin mediación _bn _2rdamedia |
||
| 338 |
_aVolumen _bnc _2rdacarrier |
||
| 490 | 0 |
_aLeer la Argentina ; _v4 |
|
| 500 | _aFormar parte de una colección de materiales pedagógicos para el aula, promoviendo la lectura en voz alta | ||
| 505 |
_tNegra catinga / _rPorro Juana _g34-36 (pág.) |
||
| 650 | 4 | _aNarrativa juvenil | |
| 651 | 4 | _aRío Negro | |
| 651 | 4 | _aPatagonia | |
| 651 | 4 | _aChubut | |
| 651 | 4 | _aSanta Cruz | |
| 651 | 4 | _aTierra del Fuego, Antártida e Islas del Atlántico Sur | |
| 655 | 7 | _aCuentos | |
| 655 | 7 | _aAntologías | |
| 655 | 7 | _aSelecciones | |
| 700 | 1 | 0 |
_aMempo, Giarninelli, _d1947- _ecompilador |
| 700 | 1 | 0 |
_aBialet, Graciela _ecompiladora |
| 700 | 1 | 0 |
_aWalsh, Rodolfo _eautor |
| 700 | 1 | 0 |
_aAracena, David _eautor |
| 700 | 1 | 0 |
_aRatier, Carlos _eautor |
| 710 | 1 | 0 |
_aArgentina. _bMinisterio de Educación _eentidad emisora |
| 942 |
_2udc _cBK _n0 |
||
| 998 | _c1 | ||
| 999 |
_c22227 _d22227 |
||